000
00266nam a22001217a 4500
008
170306b xxu||||| |||| 00| 0 eng d
041
_a
eng
080
_a
611
100
_a
6
101
_a
shm
245
_a
ANATOMY PHYSIOLOGY DUMMIES
_c
SIEGFRIED.D.R
942
_2
udc
_c
BK
999
_c
6854
_d
6854